Estadísticas para Nombra las 36 frutas más famosas - Quiz frutas

Haz click aquí para intentar la prueba.

Estadísticas generales

  • Esta prueba ha sido intentada 118 veces
    (101 desde el último reinicio)
  • La puntuación promedio es 18 de 36

Estadísticas de respuestas

HintRespuesta% Correcto
MManzana
99%
BBanana
88%
FFresa
87%
Naranja
87%
Pera
86%
Melón
83%
KKiwi
78%
UUva
78%
LLimón
73%
Frambuesa
71%
Mandarina
71%
PPiña
65%
Arándano
64%
TTomate
64%
GGranada
63%
CCereza
59%
Mango
54%
HHigo
47%
Aguacate
46%
AAlbaricoque
45%
Ciruela
45%
Papaya
45%
Durazno
42%
Lima
41%
DDátil
37%
Maracuyá
37%
Pomelo
35%
Guayaba
29%
Grosella
22%
NNectarina
22%
ZZarzamora
19%
Cal
18%
Toronja
14%
Lychee
1%
Grosella espinosa
0%
RRosa Mosqueta
0%

Distribución de puntuación

Porcentaje por número respondido

Porcentaje de gente con cada puntuación

Historial de tus puntuaciones

No has intentado esta prueba desde el último reinicio